000 00343cam a2200133ua 4500
041 _amal
_h
082 _a894.812301
_bSHR/OR
100 _aShrerejannan, Kilimannor .
245 _aOrupidicharam /
_cShreerajannan.
_hTextual Documents
260 _aThrissur :
_bCurrent Books ,
_c1958.
300 _a85 ; .
504 _a
999 _c12354
_d12354